Logo BPK

Bibliografia Prac Pracowników

Politechniki Koszalińskiej

Portal edukacyjny Politechniki Koszalińskiej / (Rekord nr 8483)

Szczegóły MARC
000 -ETYKIETA REKORDU
podpole kontrolne o stałej długości 01407naa a22002297i 4500
001 - NUMER KONTROLNY REKORDU
podpole kontrolne 8483
003 - IDENTYFIKATOR NUMERU KONTROLNEGO REKORDU
podpole kontrolne KOSZ 005
005 - DATA OSTATNIEJ MODYFIKACJI REKORDU
podpole kontrolne 20180424145232.0
008 - POLE O STAŁEJ DŁUGOŚCI - DANE KONTROLNE
podpole kontrolne o stałej długości 170619s2004 pl ||||f |||| 10| 0 pol d
040 ## - ŹRÓDŁO KATALOGOWANIA
Instytucja, która utworzyła rekord KOSZ 005/irw
Instytucja, która dokonała modyfikacji KOSZ 005/HR
-- KOSZ 005/ac
044 ## - KOD KRAJU WYDAWCY/PRODUCENTA
Kod kraju wydawcy/producenta pol
100 1# - NAZWA OSOBOWA
Nazwa osobowa KACALAK, Wojciech.
Lata pracy 1996 - .
Instytucja Politechnika Koszalińska - Wydział Mechaniczny,
Wydział Katedra Mechaniki Precyzyjnej
245 10 - TYTUŁ/ODPOWIEDZIALNOŚĆ
Tytuł Portal edukacyjny Politechniki Koszalińskiej /
Pozostałe elementy strefy tytułu i oznaczenia odpowiedzialności Wojciech Kacalak, Tomasz Królikowski, Andrzej Serbiński, Błażej Bałasz, Maciej Majewski.
655 #0 - TERMIN INDEKSOWY - OKREŚLENIE RODZAJU/FORMY DOKUMENTU
Określnie rodzaju/formy dokumentu Materiały konferencyjne.
700 1# - HASŁO DODATKOWE - NAZWA OSOBOWA
Nazwa osobowa KRÓLIKOWSKI, Tomasz.
Lata pracy 1997 - .
Instytucja Politechnika Koszalińska - Wydział Mechaniczny,
Wydział Katedra Mechaniki Precyzyjnej
700 1# - HASŁO DODATKOWE - NAZWA OSOBOWA
Nazwa osobowa SERBIŃSKI, Andrzej.
Instytucja Politechnika Koszalińska - Prorektor ds. Nauki,
Wydział Centrum Komputerowe
700 1# - HASŁO DODATKOWE - NAZWA OSOBOWA
Nazwa osobowa BAŁASZ, Błażej.
Instytucja Politechnika Koszalińska - Wydział Mechaniczny,
Wydział Katedra Mechaniki Precyzyjnej
Lata pracy 1996 - .
700 1# - HASŁO DODATKOWE - NAZWA OSOBOWA
Nazwa osobowa MAJEWSKI, Maciej.
Instytucja Politechnika Koszalińska - Wydział Mechaniczny,
Wydział Katedra Mechaniki Precyzyjnej
Lata pracy 2005 - .
711 22 - HASŁO DODATKOWE - NAZWA IMPREZY
Nazwa imprezy "Uniwersytet Wirtualny” : Konferencja i Warsztaty Politechniki Warszawskiej
Oznaczenie części/sekcji dzieła (4 ;
Data imprezy 2004 ;
Miejsce imprezy Warszawa, Polska).
773 0# - TYTUŁ DOKUMENTU MACIERZYSTEGO
Wyrażenie wprowadzające W :
Tytuł "Uniwersytet Wirtualny” : IV Konferencja i Warsztaty Politechniki Warszawskiej. -
Adres wydawniczy Warszawa : Politechnika Warszawska, 2004
942 ## - HASŁO DODATKOWE - ELEMENTY(KOHA)
Typ dokumentu Rozdział
Schemat klasyfikacji Uniwersalna klasyfikacja dziesiętna

Brak dostępnych egzemplarzy.

© 2014 Biblioteka Politechniki Koszalińskiej :: BIBLIOGRAFIA PRAC PRACOWNIKÓW